01009nam a22001577a 4500003000900000005001700009008004100026040001300067100002500080245010900105250000600214260003300220300002000253490005200273520052600325IT-RoPau20220918181219.0140310b xxu||||| |||| 00| 0 eng d cIT-RoPau aGoverno Generale SSP aOrganización apostólica y multimedialidadbA la luz de la 3a Prioridad. Alba, 7-9 de octubre de 1992 aI aRomabCasa general SSPc1993 a84 pp.c21,5 cm aRoma Casa General del la Sociedade de San Pablo aIndice Introducción, del P. Silvio Pignotti, Superior General P. Silvio Pignotti, Introducción al encuentro del Gobierno General y el Comité Técnico Internacional para el Apostolado (CTIA) P. Renato Perino, El paulino editor hoy, a la luz de los fundamentos carismáticos de la Sociedade de San Pablo Prof. Gabriele Calvi, El editor multimedial Dr. Alberto Herrmann, Estructura y gestión de una casa editorial con carácter internacional Gobierno General SSP, Documento “A propósito de la 3a Prioridad”